| 000 | 00303nam a2200097Ia 4500 | ||
|---|---|---|---|
| 005 | 20251222114411.0 | ||
| 008 | 251222s1900||||xx |||||||||||||| ||spa|| | ||
| 082 | _aDVD0192/C32/2006 | ||
| 245 | 0 | _aSeminario de ética: educar una tarea para todos. Charla: axiología para el equilibrio ambiental: | |
| 942 | _cDVD | ||
| 999 |
_c2040 _d2040 |
||